00683nam a2200205Ia 4500952014200000999001700142003000400159005001700163008004100180020001800221040000900239082001500248100003300263245005600296250001200352260004900364300000800413650002000421942003600441 00102ddc40708ISLAMaMESbMEScISLd2019-02-20g30.00l2m1o297 THU/Hp38632r2024-07-18 11:55:15s2024-07-11w2019-02-20yBKzGL49R3 c23284d23284OSt20200214104531.0190216s9999||||xx |||||||||||||| ||und|| a9788182713949 coclc a297bTHU/H aThurakkal, Abdurahman 91976 0aHijra Charithravum Padhavum /cAbdurahman Thurakkal a1st ed. bIslamic Publishing House,c2008.aKozhikode: a59p aIslamic History cBK2ddch297iTHU/Hk297mTHU/H